LEADER 00801nam0-22002411i-450- 001 990001210550403321 035 $a000121055 035 $aFED01000121055 035 $a(Aleph)000121055FED01 035 $a000121055 100 $a20000920d1980----km-y0itay50------ba 101 0 $aeng 200 1 $aBiological growth and spread$eMathematical Theories and Applications. Proceedings of a Conference held at Heidelberg July 16-21, 1979.$fby JAGER Willi. ROS T Hermann. TAUTU Petre. 210 $aBerlin [etc.]$cSpringer-Verlag$d1980. 225 1 $aLecture notes in biomathematics$v38 801 0$aIT$bUNINA$gRICA$2UNIMARC 901 $aBK 912 $a990001210550403321 952 $aC-15-(38$b6127$fMA1 959 $aMA1 996 $aBiological growth and spread$9343929 997 $aUNINA DB $aING01 LEADER 03962nam 22007575 450 001 996465622003316 005 20200701063043.0 010 $a3-540-31814-3 024 7 $a10.1007/11554714 035 $a(CKB)1000000000213249 035 $a(SSID)ssj0000316720 035 $a(PQKBManifestationID)11223763 035 $a(PQKBTitleCode)TC0000316720 035 $a(PQKBWorkID)10275021 035 $a(PQKB)11326929 035 $a(DE-He213)978-3-540-31814-9 035 $a(MiAaPQ)EBC3067533 035 $a(PPN)123097460 035 $a(EXLCZ)991000000000213249 100 $a20100315d2005 u| 0 101 0 $aeng 135 $aurnn|008mamaa 181 $ctxt 182 $cc 183 $acr 200 10$aComparative Genomics$b[electronic resource] $eRECOMB 2005 International Workshop, RCG 2005, Dublin, Ireland, September 18-20, 2005, Proceedings /$fedited by Aoife McLysaght, Daniel H. Huson 205 $a1st ed. 2005. 210 1$aBerlin, Heidelberg :$cSpringer Berlin Heidelberg :$cImprint: Springer,$d2005. 215 $a1 online resource (VIII, 168 p.) 225 1 $aLecture Notes in Bioinformatics ;$v3678 300 $aBibliographic Level Mode of Issuance: Monograph 311 $a3-540-28932-1 320 $aIncludes bibliographical references and index. 327 $aLower Bounds for Maximum Parsimony with Gene Order Data -- Genes Order and Phylogenetic Reconstruction: Application to ?-Proteobacteria -- Maximizing Synteny Blocks to Identify Ancestral Homologs -- An Expectation-Maximization Algorithm for Analysis of Evolution of Exon-Intron Structure of Eukaryotic Genes -- Likely Scenarios of Intron Evolution -- OMA, A Comprehensive, Automated Project for the Identification of Orthologs from Complete Genome Data: Introduction and First Achievements -- The Incompatible Desiderata of Gene Cluster Properties -- The String Barcoding Problem is NP-Hard -- A Partial Solution to the C-Value Paradox -- Individual Gene Cluster Statistics in Noisy Maps -- Power Boosts for Cluster Tests -- Reversals of Fortune -- Very Low Power to Detect Asymmetric Divergence of Duplicated Genes -- A Framework for Orthology Assignment from Gene Rearrangement Data. 410 0$aLecture Notes in Bioinformatics ;$v3678 606 $aBiochemistry 606 $aAlgorithms 606 $aData structures (Computer science) 606 $aComputer science?Mathematics 606 $aDatabase management 606 $aBioinformatics 606 $aBiochemistry, general$3https://scigraph.springernature.com/ontologies/product-market-codes/L14005 606 $aAlgorithm Analysis and Problem Complexity$3https://scigraph.springernature.com/ontologies/product-market-codes/I16021 606 $aData Structures$3https://scigraph.springernature.com/ontologies/product-market-codes/I15017 606 $aDiscrete Mathematics in Computer Science$3https://scigraph.springernature.com/ontologies/product-market-codes/I17028 606 $aDatabase Management$3https://scigraph.springernature.com/ontologies/product-market-codes/I18024 606 $aBioinformatics$3https://scigraph.springernature.com/ontologies/product-market-codes/L15001 615 0$aBiochemistry. 615 0$aAlgorithms. 615 0$aData structures (Computer science). 615 0$aComputer science?Mathematics. 615 0$aDatabase management. 615 0$aBioinformatics. 615 14$aBiochemistry, general. 615 24$aAlgorithm Analysis and Problem Complexity. 615 24$aData Structures. 615 24$aDiscrete Mathematics in Computer Science. 615 24$aDatabase Management. 615 24$aBioinformatics. 676 $a572.8/6 702 $aMcLysaght$b Aoife$4edt$4http://id.loc.gov/vocabulary/relators/edt 702 $aHuson$b Daniel H$4edt$4http://id.loc.gov/vocabulary/relators/edt 906 $aBOOK 912 $a996465622003316 996 $aComparative Genomics$9771945 997 $aUNISA LEADER 02156oam 2200469 450 001 9910158651703321 005 20190911103516.0 010 $a1-5081-7273-0 035 $a(OCoLC)967983876 035 $a(MiFhGG)GVRL08BA 035 $a(EXLCZ)993710000001009968 100 $a20160706h20172017 uy 0 101 0 $aeng 135 $aurun|---uuuua 181 $ctxt$2rdacontent 182 $cc$2rdamedia 183 $acr$2rdacarrier 200 10$a20 great career-building activities using Instagram and Snapchat /$fEduardo Lopez 205 $aFirst edition. 210 1$aNew York :$cRosen Publishing,$d2017. 210 4$d?2017 215 $a1 online resource (64 pages) $ccolor illustrations 225 1 $aSocial media career-building 311 $a1-5081-7272-2 320 $aIncludes bibliographical references and index. 327 $aIntroduction -- How visual content became king -- Getting started on Instagram -- Creating a content plan -- Getting started on Snapchat -- Creating a plan for your Snapchat content -- Building your portfolio -- Glossary -- For more information -- For further reading -- Bibliography -- Index. 330 $aTo prepare students for success in writing, creating content, and marketing, this guide walks the reader through both of these the image-based platforms Snapchat and Instagram, comparing their advantages and drawbacks. The twenty activities included give students concrete skills to develop as they consider their audience, map out plans for the content they plan to post, and learn how to use social media to attract the notice of colleges and employers. 410 0$aSocial media career building. 606 $aBusiness networks 606 $aEmployment portfolios 606 $aCareer development 615 0$aBusiness networks. 615 0$aEmployment portfolios. 615 0$aCareer development. 676 $a650.1/3 700 $aLopez$b Eduardo$f1989-$01249110 801 0$bMiFhGG 801 1$bMiFhGG 906 $aBOOK 912 $a9910158651703321 996 $a20 great career-building activities using Instagram and Snapchat$92894808 997 $aUNINA